000 01941cam a22004814i 4500
003 PE-LiUPU
005 20250731173148.0
008 150623s2003 miu r 000 0 eng d
020 _a1565633652
020 _a9781565633650
035 _a(Sirsi) i9781565633650
040 _aPE-LiUPU
_bspa
_cPE-LiUPU
_erda
049 _aPRUA
082 0 4 _a273.9
_bB84
_221
100 1 _aBrown, Harold O. J.,
_eautor.
245 1 0 _aHeresies :
_bheresy and orthodoxy in the history of the church /
_cHarold O. J. Brown.
264 1 _aPeabody, Massachusetts :
_bHendrickson Publishers,
_c2003.
300 _a486 páginas ;
_c23 centímetros
336 _atext
_2rdacontent
337 _aunmediated
_2rdamedia
338 _avolume
_2rdacarrier
505 0 _aThe twist of heresy -- Why heresies? -- Common ground -- Structure and variation -- Before the New Testament -- The apologists -- monarchianism -- The great alternative: arianism -- The doctrine of the trinity -- Christology -- "Minor" problems: election, free will, apostasy -- Images and heresy -- New heresies, New problems -- The new church and the old heresy: scholasticism, the crusades, and dualism -- The pious heretics.
526 _aSEG42
526 _aSEG41
526 _aSEG40
526 _aSEG39
526 _aP94
526 _aP87
526 _aP86
526 _aP85
526 _aP77
526 _aP76
526 _aP35
650 0 4 _aHerejías.
650 0 4 _aIglesia
_xHistoria.
650 0 4 _aOrtodoxia.
942 _2ddc
_cBOOK
949 _a273.9 B84
_wDEWEY
_c1
_i53361
_lCCODEBUL1
_mBUL
_p15.00
_r0
_sY
_tBOOK
_u2015-6-24
_xTEOLOGIA
_PP35
_0COMPRA
_o.STAFF. Colección Teología
994 _aC0
_bPEPRU
596 _a1
999 _a273.9 B84
_wDEWEY
_c35327
_i53361
_f2021-11-11
_g5
_lCCODEBUL1
_mBUL
_p15.00
_r0
_sY
_tBOOK
_u2015-6-24
_xTEOLOGIA
_PP35
_0COMPRA
_o.STAFF. Colección Teología
_d35327
980 _81
_gALBERTO SANCHEZ Responsable de Automatización